000 00777nam a22002534a 4500
999 _c3561
_d3561
001 19903
003 BD-DhAAL
005 20200309105322.0
008 131125r20132003ii a 001 0 eng
020 _a9780071070102
020 _a0071070109
040 _aBD-DhAAL
_cBD-DhAAL
_dBD-DhAAL
_bEng
082 0 0 _223
_a537.622 NEA
100 1 _aNeamen, Donald A.
_93587
245 1 0 _aSemiconductor physics and devices /
_cDonald A. Neamen, Dhrubes Biswas.
250 _a4th ed.
260 _aNew Delhi :
_bMcGraw-Hill,
_cc2003 [Reprinted 2013].
300 _axxv, 500 pages :
_billustrations ;
_c23 cm.
504 _aIncludes bibliographical references and index.
650 0 _aSemiconductors.
_9360
700 _aBiswas, Dhrubes.
_93630
942 _2ddc
_cBK
_05